Stredoeurópska dohoda o voľnom obchode

Znenie dohody pripravené podľa originálnych dokumentov Ministerstva hospodárstva SR. Pokračovanie v budúcom čísle.

Enregistré dans:
Détails bibliographiques
Format: Chapitre de livre
Langue:slovaque
Sujets:
Tags: Ajouter un tag
Pas de tags, Soyez le premier à ajouter un tag!

MARC

LEADER 00000naa a2200000 4500
001 r021904
005 20230922114037.4
041 0 |a slo 
044 |a SK 
245 1 0 |a Stredoeurópska dohoda o voľnom obchode 
520 |a Znenie dohody pripravené podľa originálnych dokumentov Ministerstva hospodárstva SR. Pokračovanie v budúcom čísle. 
610 2 0 |a CEFTA 
610 2 0 |a dohody medzinárodné 
610 2 0 |a dokumenty